<?xml version='1.0' encoding='UTF-8'?>
  <record xmlns="http://www.loc.gov/MARC21/slim">
    <leader>00000cam a22000007i 4500</leader>
    <controlfield tag="001">ocm65531083</controlfield>
    <controlfield tag="003">OCoLC</controlfield>
    <controlfield tag="005">20250928221719.3</controlfield>
    <controlfield tag="008">900412s1627    ne            000 0 dut d</controlfield>
    <datafield tag="040" ind1=" " ind2=" ">
      <subfield code="a">NLGGC</subfield>
      <subfield code="b">dut</subfield>
      <subfield code="e">fobidrtb</subfield>
      <subfield code="c">NLGGC</subfield>
      <subfield code="d">OCLCO</subfield>
      <subfield code="d">OCLCA</subfield>
      <subfield code="d">OCLCL</subfield>
      <subfield code="d">OCLCQ</subfield>
    </datafield>
    <datafield tag="029" ind1="0" ind2=" ">
      <subfield code="a">NLGGC</subfield>
      <subfield code="b">082757186</subfield>
    </datafield>
    <datafield tag="035" ind1=" " ind2=" ">
      <subfield code="a">(OCoLC)65531083</subfield>
    </datafield>
    <datafield tag="245" ind1="0" ind2="0">
      <subfield code="a">Amsterdamsche Pegasus waer in (uyt lust) by een vergadert zijn veel minnelijcke liedekens (noyt voor desen gedruckt) enz., by een gebracht door vier Liefhebbers /</subfield>
      <subfield code="c">als M. Campanus, I.I. Colevelt, I. Robbertsen en A.P .Craen.</subfield>
    </datafield>
    <datafield tag="260" ind1=" " ind2=" ">
      <subfield code="a">t'Amstelredam :</subfield>
      <subfield code="b">gedr. voor Cornelis Willemsz. Blaeu-Laken,</subfield>
      <subfield code="c">1627.</subfield>
    </datafield>
    <datafield tag="300" ind1=" " ind2=" ">
      <subfield code="a">.. p. :</subfield>
      <subfield code="b">ill. ;</subfield>
      <subfield code="c">in-4 obl.</subfield>
    </datafield>
    <datafield tag="336" ind1=" " ind2=" ">
      <subfield code="a">tekst</subfield>
      <subfield code="b">txt</subfield>
      <subfield code="2">rdacontent/dut</subfield>
    </datafield>
    <datafield tag="337" ind1=" " ind2=" ">
      <subfield code="a">zonder medium</subfield>
      <subfield code="b">n</subfield>
      <subfield code="2">rdamedia/dut</subfield>
    </datafield>
    <datafield tag="338" ind1=" " ind2=" ">
      <subfield code="a">band</subfield>
      <subfield code="b">nc</subfield>
      <subfield code="2">rdacarrier/dut</subfield>
    </datafield>
    <datafield tag="500" ind1=" " ind2=" ">
      <subfield code="a">Colofon: t' Amstelredam, gedruckt by Paulus Aertsz van Ravesteyn. Anno 1627.</subfield>
    </datafield>
    <datafield tag="500" ind1=" " ind2=" ">
      <subfield code="a">Met gegrav. titelplt, en 9 gravures in de tekst van Jan van de Velde, met muziek.</subfield>
    </datafield>
    <datafield tag="505" ind1="8" ind2=" ">
      <subfield code="a">Veld-Deuntjens / M.C.[Campanus]. -- Cupidoos dartelheydt / I.I.C.[Colevelt]. -- Herders-Zanghen / I.R.[Robbertsen]. -- Pastorellen ofte Bosch-Gezangen / P.C.[Craen].</subfield>
    </datafield>
    <datafield tag="510" ind1="0" ind2=" ">
      <subfield code="a">D.F. Scheurleer (Ned. liedboeken) p.152. D.C.A. van Hattum (Oud Holl. liedboeken) p.17-8. H. de la Fontaine Verwey (Uit der wereld van het boek II) p.74</subfield>
    </datafield>
    <datafield tag="530" ind1=" " ind2=" ">
      <subfield code="a">Titel is geselecteerd voor digitalisering voor de Universiteit van Amsterdam in het kader van het Google Books-project.</subfield>
    </datafield>
    <datafield tag="700" ind1="1" ind2=" ">
      <subfield code="a">Velden, Matthijs van,</subfield>
      <subfield code="d">fl. 1627-1638.</subfield>
      <subfield code="1">https://id.oclc.org/worldcat/entity/E39PCjBFRBGPH4QQx8yRWrgbBd</subfield>
    </datafield>
    <datafield tag="700" ind1="1" ind2=" ">
      <subfield code="a">Colevelt, Jacob Janszoon,</subfield>
      <subfield code="d">17e eeuw.</subfield>
      <subfield code="1">https://id.oclc.org/worldcat/entity/E39PCjKPk7rcBx9Jmf93GPtwcq</subfield>
    </datafield>
    <datafield tag="700" ind1="1" ind2=" ">
      <subfield code="a">Robbertsen, I.</subfield>
    </datafield>
    <datafield tag="700" ind1="1" ind2=" ">
      <subfield code="a">Craen, A.P.</subfield>
    </datafield>
    <datafield tag="710" ind1="0" ind2=" ">
      <subfield code="a">Ravesteyn, Paulus Aertsz van (Amsterdam)</subfield>
      <subfield code="4">prt</subfield>
      <subfield code="0">(NL-LeOCL)077132335</subfield>
    </datafield>
    <datafield tag="710" ind1="0" ind2=" ">
      <subfield code="a">Blaeu-Laken, Cornelis Willemsz (Amsterdam)</subfield>
      <subfield code="4">prt</subfield>
      <subfield code="0">(NL-LeOCL)114873135</subfield>
    </datafield>
    <datafield tag="776" ind1="0" ind2=" ">
      <subfield code="t">Amsterdamsche Pegasus waer in (uyt lust) by een vergadert zijn veel minnelijcke liedekens (noyt voor desen gedruckt) enz., by een gebracht door vier Liefhebbers</subfield>
      <subfield code="w">(NL-LeOCL)394274598</subfield>
    </datafield>
    <datafield tag="776" ind1="0" ind2=" ">
      <subfield code="t">Amsterdamsche Pegasus waer in (uyt lust) by een vergadert zijn veel minnelijcke liedekens (noyt voor desen gedruckt) enz., by een gebracht door vier Liefhebbers</subfield>
      <subfield code="w">(NL-LeOCL)396716989</subfield>
    </datafield>
    <datafield tag="936" ind1=" " ind2=" ">
      <subfield code="a">BATCHLOAD</subfield>
    </datafield>
  </record>